Identify the Bond film from the music act - Statistics

General Stats
  • This quiz has been taken 40 times
  • The average score is 14 of 20
Answer Stats
Hint Film % Correct
Billie Eilish No Time To Die
91%
Adele Skyfall
91%
Duran Duran A View To A Kill
78%
Tina Turner Goldeneye
78%
Paul McCartney and Wings Live And Let Die
78%
Sam Smith Spectre
78%
Madonna Die Another Day
75%
Chris Cornell Casino Royale
72%
A-ha The Living Daylights
69%
Lulu The Man With The Golden Gun
69%
Sheena Easton For Your Eyes Only
66%
Garbage The World Is Not Enough
66%
Matt Monro From Russia With Love
63%
Louis Armstrong On Her Majesty’s Secret Service
63%
Tom Jones Thunderball
63%
Nancy Sinatra You Only Live Twice
63%
Rita Coolidge Octopussy
56%
Carly Simon The Spy Who Loved Me
56%
Gladys Knight Licence To Kill
53%
Sheryl Crow Tomorrow Never Dies
50%
No matching quizzes found
Score Distribution
Percent of People with Each Score
Percentile by Number Answered
Your Score History
You have not taken this quiz